Rezidenčné bývanie pre študentov a učiteľov, Villefontaine, Francúzsko - Študentská súťaž Saint-Gobain

Na minha lista:
Detalhes bibliográficos
Autor principal: Kubeková, Laura (Author)
Outros Autores: Šišková, Zuzana (Thesis advisor)
Formato: Manuscrito Livro
Idioma:eslovaco
Publicado em: 2025
Assuntos:
Acesso em linha:http://is.stuba.sk/zp/portal_zp.pl?podrobnosti=167321
CRZP
Tags: Adicionar Tag
Sem tags, seja o primeiro a adicionar uma tag!

MARC

LEADER 00000ntm a22000003a 4500
001 stuzp104502
003 SK-STU
005 20250728112337.4
007 ta
008 150427s2015----xo-----f-mn---000-0-slo-d
040 |a STU  |b slo 
041 0 |a slo 
100 1 |a Kubeková, Laura  |u 010310  |4 aut  |U SvF Stavebná fakulta  |T SvF Katedra architektúry  |X 114695  |U V181|V310  |Y 19  |7 114695 
242 0 1 |a Residential housing for students and teachers, Villefontaine, France - Saint-Gobain Student Competition  |y eng 
245 1 0 |a Rezidenčné bývanie pre študentov a učiteľov, Villefontaine, Francúzsko - Študentská súťaž Saint-Gobain 
260 |c 2025 
650 4 |a Francúzsko  |2 slo 
650 4 |a udržateľnosť  |2 slo 
650 4 |a verejný priestor  |2 slo 
650 4 |a coworking  |2 slo 
650 4 |a ubytovanie  |2 slo 
650 4 |a sustainability  |2 eng 
650 4 |a coworking  |2 eng 
650 4 |a France  |2 eng 
650 4 |a accommodation  |2 eng 
650 4 |a public space  |2 eng 
700 1 |a Šišková, Zuzana  |u 010310  |k Z3  |4 ths  |U SvF Stavebná fakulta  |T SvF Katedra architektúry  |X 82494  |U V181|V310  |Y 19  |7 82494 
856 4 |u http://is.stuba.sk/zp/portal_zp.pl?podrobnosti=167321 
856 4 |u https://opac.crzp.sk/?fn=detailBiblioForm&sid=C9A1C75A261DD259FC864C1E26A3  |z CRZP